000 00605nam a2200229Ia 4500
003 OSt
005 20220928110810.0
006 a|||||r|||| 00| 0
007 ta
008 220927b |||||||| |||| 00| 0 eng d
024 _a131677
037 _cTextual
040 _aSDCL
_cSDCL
_beng
041 _2eng
_aeng
082 _aI9X, P0
100 _aTrivedi P C Ed.
_9420730
245 0 _aPlant biotechnology
_b Recent advances.
260 _aNew Delhi
_bPANIMA Publishing
_c2000
300 _a535p.
_ccm.
942 _hI9X, P0
_cTEXL
_2CC
999 _c736988
_d736988